[Event "Oberliga Ost-B 1314"]
[Site "Germany"]
[Date "2014.04.05"]
[Round "10.6"]
[White "Weiss, Werner"]
[Black "Rudnizki, Sergej"]
[Result "1/2-1/2"]
[WhiteElo "2189"]
[BlackElo "2165"]
[PlyCount "24"]
[EventDate "2013.10.13"]
[EventType "team-tourn"]
[EventRounds "11"]
[EventCountry "GER"]
[SourceTitle "EXT 2015"]
[Source "ChessBase"]
[SourceDate "2014.11.20"]
[SourceVersion "1"]
[SourceVersionDate "2014.11.20"]
[SourceQuality "1"]
[WhiteTeam "Liebschwitz"]
[BlackTeam "Erfurt Empor"]
[WhiteTeamCountry "GER"]
[BlackTeamCountry "GER"]

1. e4 e5 2. Nf3 Nc6 3. d3 Nf6 4. Be2 h6 5. c3 g6 6. 0-0 Bg7 7. b4 d6 8. Qc2 0-0 9. Re1 Nh5 10. b5 Nb8 11. d4 Qf6 12. dxe5 dxe5 1/2-1/2

[Event "Oberliga Ost-B 1314"]
[Site "Germany"]
[Date "2013.11.24"]
[Round "4.5"]
[White "Schaefer, Michael"]
[Black "Rudnizki, Sergej"]
[Result "1/2-1/2"]
[WhiteElo "2151"]
[BlackElo "2165"]
[PlyCount "66"]
[EventDate "2013.10.13"]
[EventType "team-tourn"]
[EventRounds "11"]
[EventCountry "GER"]
[SourceTitle "EXT 2015"]
[Source "ChessBase"]
[SourceDate "2014.11.20"]
[SourceVersion "1"]
[SourceVersionDate "2014.11.20"]
[SourceQuality "1"]
[WhiteTeam "Moerlenbach"]
[BlackTeam "Erfurt Empor"]
[WhiteTeamCountry "GER"]
[BlackTeamCountry "GER"]

1. d4 Nf6 2. c4 g6 3. Nc3 Bg7 4. e4 d6 5. Be2 0-0 6. Bg5 h6 7. Be3 Nc6 8. d5 Nb8 9. h3 c6 10. Nf3 a6 11. 0-0 cxd5 12. exd5 a5 13. Nd4 Na6 14. Re1 Nc5 15. Qc2 Bd7 16. b3 Nh7 17. Bf1 f5 18. Rad1 Nf6 19. f3 Nh5 20. Nde2 Qe8 21. Bd4 Qf7 22. Bxg7 Qxg7 23. Qd2 g5 24. Qd4 Qg6 25. Nc1 Rf7 26. Nd3 b6 27. Kh2 g4 28. Nf4 Qg5 29. Nxh5 Qxh5 30. Qf4 Rg7 31. Be2 Rf8 32. Rg1 Qh4 33. Qg3 Qh5 1/2-1/2

[Event "Oberliga Ost-B 1112"]
[Site "Germany"]
[Date "2011.11.20"]
[Round "4.5"]
[White "Rudnizki, Sergej"]
[Black "Knickel, Aaron"]
[Result "0-1"]
[WhiteElo "2175"]
[BlackElo "2159"]
[PlyCount "82"]
[EventDate "2011.10.02"]
[EventType "team-tourn"]
[EventRounds "11"]
[EventCountry "GER"]
[SourceTitle "EXT 2013"]
[Source "ChessBase"]
[SourceDate "2012.11.22"]
[SourceVersion "1"]
[SourceVersionDate "2012.11.22"]
[SourceQuality "1"]
[WhiteTeam "Erfurt Empor"]
[BlackTeam "Neuberg"]
[WhiteTeamCountry "GER"]
[BlackTeamCountry "GER"]

1. e4 g6 2. d4 d6 3. Nc3 Bg7 4. Be3 a6 5. Qd2 b5 6. f3 Nd7 7. Rd1 Bb7 8. Nge2 c5 9. g4 h5 10. g5 e6 11. Bh3 b4 12. Nb1 Qc7 13. 0-0 Ne7 14. dxc5 dxc5 15. c3 Ne5 16. Bf4 N7c6 17. Qc2 Qe7 18. Nd2 a5 19. Be3 bxc3 20. bxc3 Ba6 21. Rf2 0-0 22. Bf1 Rfd8 23. Nc1 Bxf1 24. Nxf1 Nc4 25. Rxd8+ Rxd8 26. f4 e5 27. h4 exf4 28. Rxf4 Nxe3 29. Nxe3 Qe5 30. Ne2 f6 31. gxf6 Bxf6 32. Nd5 Bg7 33. Qb3 Kh7 34. Qb7 Qe6 35. Rf7 Qg4+ 36. Kf1 Qh3+ 37. Ke1 Qxh4+ 38. Kd1 Qh1+ 39. Kd2 Qxe4 40. Rxg7+ Kh6 41. Nef4 Qxf4+ 0-1

[Event "Oberliga Ost-B 0809"]
[Site "Germany"]
[Date "2009.03.15"]
[Round "9.5"]
[White "Rueger, Erhard"]
[Black "Rudnizki, Sergej"]
[Result "1/2-1/2"]
[WhiteElo "2205"]
[BlackElo "2157"]
[PlyCount "31"]
[EventDate "2008.10.26"]
[EventType "team-tourn"]
[EventRounds "11"]
[EventCountry "GER"]
[SourceTitle "EXT 2010"]
[Source "ChessBase"]
[SourceDate "2010.11.25"]
[SourceVersion "1"]
[SourceVersionDate "2010.11.25"]
[SourceQuality "1"]
[WhiteTeam "Frankfurt BvK"]
[BlackTeam "Erfurt Empor"]
[WhiteTeamCountry "GER"]
[BlackTeamCountry "GER"]

1. Nf3 Nf6 2. g3 g6 3. Bg2 Bg7 4. c4 0-0 5. Nc3 d6 6. 0-0 e5 7. b4 Re8 8. Ba3 h6 9. Rc1 Nc6 10. d3 Rb8 11. Nd2 Nd4 12. e3 Ne6 13. Nd5 Ng5 14. Nxf6+ Bxf6 15. Ne4 Bg7 16. Nxg5 1/2-1/2

[Event "Oberliga Ost-B 0809"]
[Site "Germany"]
[Date "2009.03.01"]
[Round "8.5"]
[White "Rudnizki, Sergej"]
[Black "Henrich, Thomas"]
[Result "1-0"]
[WhiteElo "2157"]
[BlackElo "2209"]
[PlyCount "63"]
[EventDate "2008.10.26"]
[EventType "team-tourn"]
[EventRounds "11"]
[EventCountry "GER"]
[SourceTitle "EXT 2010"]
[Source "ChessBase"]
[SourceDate "2010.11.25"]
[SourceVersion "1"]
[SourceVersionDate "2010.11.25"]
[SourceQuality "1"]
[WhiteTeam "Erfurt Empor"]
[BlackTeam "Giessen"]
[WhiteTeamCountry "GER"]
[BlackTeamCountry "GER"]

1. e4 e6 2. Nf3 d5 3. exd5 exd5 4. Be2 Nc6 5. 0-0 Bd6 6. b3 Nf6 7. Bb2 Bf5 8. Re1 0-0 9. d3 d4 10. Nbd2 Bc5 11. a3 a5 12. Nf1 Nd5 13. Ng3 Bg6 14. Qd2 f5 15. Ng5 Qd6 16. Bf3 Rae8 17. Rxe8 Rxe8 18. Re1 Ne5 19. Bxd5+ Qxd5 20. Qxa5 b6 21. Qd2 Bd6 22. Ne2 Nc6 23. Nf3 Bf7 24. Nexd4 Rxe1+ 25. Qxe1 Nxd4 26. Nxd4 Bxa3 27. Nxf5 Qc5 28. Bxa3 Qxa3 29. h3 Qb2 30. d4 Qxc2 31. Qe5 Qc1+ 32. Kh2 1-0

[Event "Apolda op 16th"]
[Site "Apolda"]
[Date "2007.08.24"]
[Round "2"]
[White "Eidner, Falk"]
[Black "Rudnizki, Sergej"]
[Result "0-1"]
[WhiteElo "1973"]
[BlackElo "2177"]
[PlyCount "99"]
[EventDate "2007.08.23"]
[EventType "swiss"]
[EventRounds "7"]
[EventCountry "GER"]
[SourceTitle "CBM 120 Extra"]
[Source "ChessBase"]
[SourceDate "2007.11.01"]
[SourceVersion "1"]
[SourceVersionDate "2007.11.01"]
[SourceQuality "1"]

1. e4 e5 2. f4 exf4 3. Nf3 Be7 4. Bc4 Nf6 5. e5 Ne4 6. 0-0 d5 7. Be2 g5 8. d3 Nc5 9. Nd4 Nc6 10. Nxc6 bxc6 11. Nd2 Be6 12. Nf3 Nd7 13. Kh1 c5 14. d4 c4 15. b3 Nb6 16. Bb2 a5 17. Nd2 Rb8 18. Qc1 a4 19. Ba3 Bxa3 20. Qxa3 Qe7 21. b4 Ra8 22. Rab1 f6 23. Bh5+ Bf7 24. exf6 Qxf6 25. Rbe1+ Kf8 26. Bxf7 Kxf7 27. Re5 Rhe8 28. Nf3 h6 29. Rxe8 Rxe8 30. Ne5+ Kg7 31. Qh3 Rxe5 32. dxe5 Qxe5 33. Qg4 d4 34. Qd1 Nd5 35. Re1 Ne3 36. Qf3 d3 37. cxd3 cxd3 38. Qc6 Qd6 39. Qc3+ Kg6 40. Qd2 Qd4 41. h3 a3 42. Rc1 Nc4 43. Qc3 d2 44. Rd1 c6 45. Qc2+ Kh5 46. Qc3 Qe4 47. Qf3+ Qxf3 48. gxf3 Kh4 49. Kg1 Kg3 50. Kf1 0-1

[Event "Oberliga Ost-B 0607"]
[Site "Germany"]
[Date "2007.03.18"]
[Round "8.6"]
[White "Kayser, Felix"]
[Black "Rudnizki, Sergej"]
[Result "0-1"]
[WhiteElo "2174"]
[BlackElo "2172"]
[PlyCount "112"]
[EventDate "2006.10.15"]
[EventType "team-tourn"]
[EventRounds "11"]
[EventCountry "GER"]
[SourceTitle "EXT 2008"]
[Source "ChessBase"]
[SourceDate "2007.11.25"]
[SourceVersion "1"]
[SourceVersionDate "2007.11.25"]
[SourceQuality "1"]
[WhiteTeam "Wiesbaden"]
[BlackTeam "Erfurt Empor"]
[WhiteTeamCountry "GER"]
[BlackTeamCountry "GER"]

1. e4 e5 2. f4 exf4 3. Nf3 Be7 4. Bc4 Nf6 5. Nc3 Nxe4 6. Bxf7+ Kxf7 7. Nxe4 Rf8 8. 0-0 Kg8 9. d4 d5 10. Nf2 Bd6 11. c3 c6 12. Nd3 Bg4 13. Qb3 Qc7 14. Nde5 Bxf3 15. Rxf3 Bxe5 16. dxe5 Nd7 17. Bxf4 Nc5 18. Qb4 Ne6 19. Bg3 Qb6+ 20. Qxb6 axb6 21. a3 Ng5 22. Rxf8+ Rxf8 23. Bf2 b5 24. Bc5 Re8 25. Bd4 Kf7 26. a4 Ra8 27. Rf1+ Ke6 28. axb5 cxb5 29. h4 Ne4 30. Kh2 Nd2 31. Rf4 Nc4 32. Rf2 Ra2 33. Rf8 Rxb2 34. Re8+ Kf7 35. Rb8 b6 36. Kg3 b4 37. cxb4 Rxb4 38. Rb7+ Ke6 39. Rxg7 Nd2 40. Bg1 Kxe5 41. Rxh7 Ne4+ 42. Kf3 Rb3+ 43. Be3 Nf6 44. Re7+ Kd6 45. Rf7 Ke6 46. Rxf6+ Kxf6 47. Kf4 Rb4+ 48. Kg3 Kg6 49. Bg5 Re4 50. Kf3 Kh5 51. g3 b5 52. Bf6 b4 53. Bb2 b3 54. Bc3 Rc4 55. Bf6 d4 56. g4+ Kg6 0-1

[Event "Oberliga Ost-B 0607"]
[Site "Germany"]
[Date "2006.11.18"]
[Round "2.5"]
[White "Krug, Norbert"]
[Black "Rudnizki, Sergej"]
[Result "1/2-1/2"]
[WhiteElo "2242"]
[BlackElo "2172"]
[PlyCount "60"]
[EventDate "2006.10.15"]
[EventType "team-tourn"]
[EventRounds "11"]
[EventCountry "GER"]
[SourceTitle "EXT 2008"]
[Source "ChessBase"]
[SourceDate "2007.11.25"]
[SourceVersion "1"]
[SourceVersionDate "2007.11.25"]
[SourceQuality "1"]
[WhiteTeam "Erfurt SK II"]
[BlackTeam "Erfurt Empor"]
[WhiteTeamCountry "GER"]
[BlackTeamCountry "GER"]

1. d4 Nf6 2. c4 d6 3. Nc3 g6 4. e4 Bg7 5. Nf3 0-0 6. Be3 Nbd7 7. Qc2 c6 8. h3 Qa5 9. Nd2 e5 10. d5 Nh5 11. 0-0-0 c5 12. Kb1 a6 13. g3 Qd8 14. Be2 Nhf6 15. h4 Nb6 16. h5 Ng4 17. Bxg4 Bxg4 18. f3 Bd7 19. g4 g5 20. h6 Bf6 21. Ne2 Ba4 22. b3 Bd7 23. Ng3 Kh8 24. Ndf1 Nc8 25. Nh5 Rg8 26. Qd2 Rg6 27. Nfg3 b5 28. Nf5 Be7 29. Nhg7 b4 30. Rh5 Bf6 1/2-1/2

[Event "Oberliga Ost-B 0405"]
[Site "Germany"]
[Date "2005.03.13"]
[Round "9.6"]
[White "Rudnizki, Sergej"]
[Black "Schaack, Harry"]
[Result "1/2-1/2"]
[WhiteElo "2177"]
[BlackElo "2294"]
[PlyCount "145"]
[EventDate "2004.10.10"]
[EventType "team-tourn"]
[EventRounds "11"]
[EventCountry "GER"]
[SourceTitle "EXT 2006"]
[Source "ChessBase"]
[SourceDate "2005.11.24"]
[SourceVersion "1"]
[SourceVersionDate "2005.11.24"]
[SourceQuality "1"]
[WhiteTeam "Erfurt Empor"]
[BlackTeam "Schoeneck"]
[WhiteTeamCountry "GER"]
[BlackTeamCountry "GER"]

1. e4 c6 2. d4 d5 3. Nc3 dxe4 4. Nxe4 Bf5 5. Ng3 Bg6 6. Nf3 Nd7 7. Bd3 e6 8. 0-0 Ngf6 9. Re1 Be7 10. Qe2 0-0 11. Bxg6 hxg6 12. Ne5 Rc8 13. Bg5 Nh5 14. Bxe7 Nxg3 15. hxg3 Qxe7 16. Nxd7 Qxd7 17. c3 Qd5 18. Qe5 Rfd8 19. Qxd5 Rxd5 20. Kf1 Rcd8 21. g4 Kf8 22. Re3 c5 23. dxc5 Rxc5 24. Rae1 Rcd5 25. Re5 Rd2 26. R1e2 Rd1+ 27. Re1 R1d6 28. f3 Ke7 29. R1e2 f6 30. Rb5 R8d7 31. Kf2 g5 32. Rc5 Kd8 33. Rc4 Ra6 34. a3 Rd5 35. Rb4 Rd7 36. Rbe4 e5 37. Rc4 Rad6 38. Ra4 a6 39. Rc4 Rd1 40. Re1 R7d2+ 41. Re2 Rd6 42. Re1 R1d3 43. Re3 R3d5 44. Re1 Kd7 45. Rce4 Kc6 46. Rc4+ Rc5 47. Rce4 Rb5 48. R1e2 Rd1 49. Rc4+ Rc5 50. Rce4 b5 51. Re1 Rd2+ 52. R1e2 Rd3 53. R2e3 Rd8 54. Re2 Rcd5 55. a4 Rd1 56. axb5+ axb5 57. Rb4 Kc5 58. Re1 R1d2+ 59. Re2 R2d3 60. Re3 R3d7 61. Re2 g6 62. Rbe4 Rd1 63. Re1 R8d2+ 64. R1e2 Rxe2+ 65. Kxe2 Rb1 66. Rb4 Rg1 67. Kf2 Rc1 68. Kg3 Rc2 69. Kh3 Re2 70. Kh2 f5 71. Kg1 Rd2 72. Kf1 Rc2 73. Kg1 1/2-1/2

[Event "Oberliga Ost-B 0405"]
[Site "Germany"]
[Date "2005.01.16"]
[Round "7.6"]
[White "Rudnizki, Sergej"]
[Black "Rueger, Erhard"]
[Result "1/2-1/2"]
[WhiteElo "2177"]
[BlackElo "2164"]
[PlyCount "37"]
[EventDate "2004.10.10"]
[EventType "team-tourn"]
[EventRounds "11"]
[EventCountry "GER"]
[SourceTitle "EXT 2006"]
[Source "ChessBase"]
[SourceDate "2005.11.24"]
[SourceVersion "1"]
[SourceVersionDate "2005.11.24"]
[SourceQuality "1"]
[WhiteTeam "Erfurt Empor"]
[BlackTeam "Frankfurt BvK"]
[WhiteTeamCountry "GER"]
[BlackTeamCountry "GER"]

1. e4 c5 2. Nf3 e6 3. d4 cxd4 4. Nxd4 a6 5. Bd3 Bc5 6. Nb3 Be7 7. 0-0 d6 8. Qe2 Nc6 9. Nc3 Nf6 10. f4 Qc7 11. Be3 b5 12. a3 0-0 13. Rae1 Bb7 14. Bc1 e5 15. Kh1 Rfe8 16. Nd5 Qd8 17. Nxe7+ Qxe7 18. c3 Qe6 19. Qd1 1/2-1/2

[Event "Oberliga Ost-B 0203"]
[Site "Germany"]
[Date "2003.03.29"]
[Round "10.3"]
[White "Rudnizki, Sergej"]
[Black "Cordes, Hans Joerg"]
[Result "1/2-1/2"]
[WhiteElo "2140"]
[BlackElo "2291"]
[PlyCount "29"]
[EventDate "2002.10.20"]
[EventType "team"]
[EventRounds "11"]
[EventCountry "GER"]
[SourceTitle "EXT 2004"]
[Source "ChessBase"]
[SourceDate "2003.11.25"]
[SourceVersion "1"]
[SourceVersionDate "2003.11.25"]
[SourceQuality "1"]
[WhiteTeam "Erfurt Empor"]
[BlackTeam "Offenbach"]
[WhiteTeamCountry "GER"]
[BlackTeamCountry "GER"]

1. e4 e6 2. d4 d5 3. Nc3 Nf6 4. e5 Nfd7 5. f4 c5 6. Nf3 Nc6 7. Be3 cxd4 8. Nxd4 Bc5 9. Qd2 a6 10. Be2 0-0 11. 0-0 Nxd4 12. Bxd4 b5 13. Rad1 Qc7 14. a3 Bb7 15. Rf3 1/2-1/2

[Event "Oberliga Ost-B 0203"]
[Site "Germany"]
[Date "2003.02.23"]
[Round "8.3"]
[White "Rudnizki, Sergej"]
[Black "Rieseler, Caroline"]
[Result "1-0"]
[WhiteElo "2140"]
[BlackElo "2127"]
[PlyCount "75"]
[EventDate "2002.10.20"]
[EventType "team"]
[EventRounds "11"]
[EventCountry "GER"]
[SourceTitle "EXT 2004"]
[Source "ChessBase"]
[SourceDate "2003.11.25"]
[SourceVersion "1"]
[SourceVersionDate "2003.11.25"]
[SourceQuality "1"]
[WhiteTeam "Erfurt Empor"]
[BlackTeam "Steinbach"]
[WhiteTeamCountry "GER"]
[BlackTeamCountry "GER"]

1. e4 c5 2. Nf3 Nc6 3. d4 cxd4 4. Nxd4 Nf6 5. Nc3 e5 6. Ndb5 d6 7. Bg5 a6 8. Bxf6 gxf6 9. Na3 b5 10. Nd5 Bg7 11. c3 0-0 12. Bd3 f5 13. 0-0 f4 14. Qh5 Ne7 15. Nxe7+ Qxe7 16. Nc2 Be6 17. Nb4 Kh8 18. Nd5 Qd8 19. a4 bxa4 20. Rxa4 Rg8 21. Rfa1 Bf8 22. h3 Rg5 23. Qf3 Bxd5 24. exd5 a5 25. h4 Rg7 26. Qh3 Be7 27. h5 h6 28. b4 Qg8 29. Rxa5 Rf8 30. Ra7 Bd8 31. Bf5 Rg5 32. Rb7 Bf6 33. Be4 Rc8 34. Rxf7 Rxc3 35. Ra8 Rc1+ 36. Kh2 Qxa8 37. Rh7+ Kg8 38. Qe6+ 1-0

[Event "Oberliga Ost-B 0203"]
[Site "Germany"]
[Date "2003.02.08"]
[Round "6.3"]
[White "Rudnizki, Sergej"]
[Black "Peter, Sebastien"]
[Result "1-0"]
[WhiteElo "2140"]
[BlackElo "2244"]
[PlyCount "71"]
[EventDate "2002.10.20"]
[EventType "team"]
[EventRounds "11"]
[EventCountry "GER"]
[SourceTitle "EXT 2004"]
[Source "ChessBase"]
[SourceDate "2003.11.25"]
[SourceVersion "1"]
[SourceVersionDate "2003.11.25"]
[SourceQuality "1"]
[WhiteTeam "Erfurt Empor"]
[BlackTeam "Moerlenbach"]
[WhiteTeamCountry "GER"]
[BlackTeamCountry "GER"]

1. e4 e6 2. d4 d5 3. Nc3 Nf6 4. e5 Nfd7 5. f4 c5 6. Nf3 Nc6 7. Be3 a6 8. Qd2 b5 9. Be2 Qb6 10. 0-0 cxd4 11. Nxd4 Bc5 12. Rad1 0-0 13. Rf3 Bb7 14. Nb1 Rae8 15. c3 Qa7 16. Bd3 f6 17. Rh3 g6 18. Qf2 f5 19. Nd2 Ncxe5 20. fxe5 Nxe5 21. Qh4 Rf7 22. N2b3 Bb6 23. Kh1 Ng4 24. Re1 e5 25. Bxf5 gxf5 26. Nxf5 Bxe3 27. Qxg4+ Kh8 28. Rhxe3 Rg8 29. Qxg8+ Kxg8 30. Nh6+ Kf8 31. Nxf7 Kxf7 32. Rxe5 Qf2 33. R5e2 Qf6 34. Nd4 Bc8 35. Re3 Kg6 36. Re6 1-0